Effectif ASM Clermont 2022-2023 - Statistiques

Statistiques générales
  • Ce quiz a été pris 209 fois
    206 depuis la dernière actualisation
  • Le résultat moyen est 22 sur 43
Statistiques - réponses
Hint Réponse % Correct
Demi d'ouverture - Français Anthony Belleau
87%
Demi de mêlée - Français Sébastien Bézy
83%
Ailier - Français Damian Penaud
82%
Demi de mêlée - Français Baptiste Jauneau
81%
Troisième ligne - Samoan Fritz Lee
81%
Demi d'ouverture - Français Jules Plisson
81%
Ailier - Français Alivereti Raka
80%
Troisième ligne - Fidjien Peceli Yato
79%
Centre - Néo-Zélandais George Moala
74%
Pilier - Français Rabah Slimani
74%
Ailier - Argentin Bautista Delguy
73%
Talonneur - Français Etienne Fourcade
73%
Arrière - Australien Alex Newsome
71%
Seconde ligne - Argentin Tomas Lavanini
70%
Pilier - Français Etienne Falgoux
69%
Pilier - Moldave Christian Ojovan
63%
Seconde ligne - Français Thibaud Lanen
61%
Pilier - Français Giorgi Beria
59%
Centre - Australien Irae Simone
56%
Seconde ligne - Français Paul Jedrasiak
52%
Troisième ligne - Français Arthur Iturria
51%
Troisième ligne - Français Alexandre Fischer
49%
Talonneur - Français Yohan Beheregaray
46%
Troisième ligne - Français Killian Tixeront
44%
Talonneur - Français Adrien Pelissié
41%
Centre - Fidjien Apisai Naqalevu
41%
Centre - Français Julien Hériteau
41%
Arrière - Français Cheick Tiberghien
39%
Demi de mêlée - Français Kévin Viallard
39%
Ailier - Français Marvin O'Connor
39%
Troisième ligne - Français Judicael Cancoriet
37%
Troisième ligne - Français Lucas Dessaigne
36%
Seconde ligne - Sud Africain Jacobus Van Tonder
35%
Centre - Français Jean Pascal Barraque
33%
Talonneur - Français Benjamin Boudou
32%
Demi d'ouverture - Français Gabin Michet
29%
Seconde ligne - Français Sébastian Vahaamahina
29%
Ailier - Français Thomas Rozière
29%
Ailier - Français Samuel Ezeala
28%
Pilier - Géorgien Davit Kubriashvili
20%
Troisième ligne - Français Loic Godener
17%
Pilier - Géorgien Giorgi Dzmanashvili
10%
Pilier - Français Daniel Bibi Biwizu
5%
Aucun quiz correspondant
Distribution des résultats
% des personnes avec chaque résultat
Percentile par nombre de réponses
Votre historique - résultats
Vous n’avez pas pris ce quiz depuis la dernière actualisation